|
|
|
|
| LEADER |
00000nam0a2200000 4500 |
| 001 |
375325 |
| 005 |
20231102012726.0 |
| 035 |
|
|
|a (RuTPU)RU\TPU\retro\32764
|
| 035 |
|
|
|a RU\TPU\book\251163
|
| 090 |
|
|
|a 375325
|
| 100 |
|
|
|a 20221220d1963 k y0rusy50 ca
|
| 101 |
0 |
|
|a rus
|
| 102 |
|
|
|a RU
|
| 105 |
|
|
|a a z 001zy
|
| 200 |
1 |
|
|a Структура докембрия и связь магматизма с тектоникой
|f Академия наук СССР (АН СССР), Геологический институт (ГИН); под ред. Н. А. Штрейса
|
| 210 |
|
|
|a Москва
|c Изд-во АН СССР
|d 1963
|
| 215 |
|
|
|a 199 с.
|c ил.
|
| 225 |
1 |
|
|a Труды ГИН (Геологического института АН СССР)
|v Вып. 93
|
| 317 |
|
|
|5 63413507: КР-221
|a Поступила в НТБ в 2004 г. в составе книжного собрания профессора ТПИ К. В. Радугина
|
| 320 |
|
|
|a Библиография в конце статей
|
| 327 |
0 |
|
|a Содерж.: Предисловие; Павловский Е.В., Марков М.С. Некоторые общие вопросы геотектоники (о необратимости развития земной коры); Новикова А.С. О тектоническом положении магматических образований Восточно-Европейской платформы; Заборовская Н.Б., Марков М.С. О мелких дислокациях в метаморфических толщах и их соотношении с крупными структурами; Макарычев Г.И., Пазилова В.И. Связь магматизма с тектоникой на примере формирования структуры Каратау (Южный Казахстан); Павлова Т. Г. Соотношение гранитоидного магматизма со складкообразованием на примере Южного Улутау (Центральный Казахстан).
|
| 513 |
1 |
|
|a Structure of precambrian and relations beetween magmatism and tectonics
|z eng
|
| 606 |
1 |
|
|a Горообразование
|x Тектоника
|2 stltpush
|3 (RuTPU)RU\TPU\subj\8315
|9 35760
|
| 606 |
1 |
|
|a Горные породы, изверженные
|2 stltpush
|3 (RuTPU)RU\TPU\subj\8111
|9 35597
|
| 610 |
1 |
|
|a докембрийские отложения
|
| 610 |
1 |
|
|a тектоника
|
| 610 |
1 |
|
|a магматизм
|
| 610 |
1 |
|
|a горные породы
|
| 610 |
1 |
|
|a Восточно-Европейская платформа
|
| 610 |
1 |
|
|a Казахстан
|
| 610 |
1 |
|
|a библиотека К. В. Радугина
|
| 610 |
1 |
|
|a владельческие знаки
|
| 675 |
|
|
|a 551.24
|v 3
|
| 675 |
|
|
|a 552.3
|v 3
|
| 702 |
|
1 |
|a Штрейс
|b Н. А.
|g Николай Александрович
|4 340
|
| 712 |
0 |
2 |
|a Академия наук СССР (АН СССР)
|b Геологический институт (ГИН)
|c (Москва)
|2 stltpush
|3 (RuTPU)RU\TPU\col\11354
|
| 801 |
|
1 |
|a RU
|b 63413507
|c 20130121
|
| 801 |
|
2 |
|a RU
|b 63413507
|c 20221220
|g RCR
|
| 942 |
|
|
|c BK
|